000 01378nam a22003617a 4500
001 353
003 FISKH
005 20230328151547.0
008 230328b cb ||||| |||| 00| 0 eng d
020 _a9780064402286
040 _aDLC
_cDLC
_dDLC
_dFISKH
_beng
042 _alcac
050 0 0 _aPZ7.B912
_bSh 2000
082 0 0 _a813.54
_221
100 1 _aBulla, Clyde Robert.
245 1 0 _aShoeshine girl /
_cClyde Robert Bulla ; illustrated by Jim Burke.
250 _aNewly illustrated Harper Trophy ed.
260 _aNew York :
_bHarperTrophy,
_c2000.
300 _a84 pages. :
_bill. ;
_c20 cm.
505 _aH
520 _aDetermined to earn some money, ten-year-old Sarah Ida gets a job at a shoe shine stand and learns a great many things besides shining shoes.
521 8 _a530
_bLexile
521 8 _aH
_bRaz-Plus
650 1 _aFriendship
_vFiction.
650 1 _aBehavior
_vFiction.
650 1 _aShoe shiners
_vFiction.
700 1 _aBurke, Jim,
_d1973-
_eill.
856 4 2 _3Publisher description
_uhttp://www.loc.gov/catdir/description/hc043/99020063.html
906 _a7
_bcbc
_corignew
_d1
_eocip
_f19
_gy-gencatlg
942 _2ddc
_cBK
_n0
999 _c353
_d353